Ethnic groups in the Caucasus with a map - Statistics

General Stats
  • This quiz has been taken 741 times
  • The average score is 14 of 28
Answers on the Map
Answers color-coded by a green-red scale on the quiz's map according to % correct below.
 
Answer Stats
Groups Answer % Correct
Caucasian Georgian
98%
Indo-European Armenian
97%
Altaic Azeri
97%
Indo-European Russian
94%
Indo-European Ossetian
88%
Caucasian Chechen
87%
Indo-European Kurd
82%
Caucasian Abkhaz
80%
Caucasian Ingush
64%
Caucasian Avar
61%
Altaic Kalmyk
60%
Caucasian Adygey
53%
Altaic Balkar
47%
Altaic Karachay
41%
Caucasian Kabardin
40%
Caucasian Lezgin
40%
Caucasian Cherkess
37%
Altaic Kumyk
37%
Indo-European Greek
34%
Indo-European Talysh
33%
Caucasian Dargin
30%
Caucasian Lak
28%
Altaic Turkmen
28%
Altaic Nogay
27%
Caucasian Rutul
20%
Caucasian Tabasaran
20%
Caucasian Tsakhur
14%
Caucasian Agul
12%
No matching quizzes found
Score Distribution
Percent of People with Each Score
Percentile by Number Answered
Your Score History
You have not taken this quiz